Le Momorie Di Un Cacciatore

محفوظ في:
التفاصيل البيبلوغرافية
المؤلف الرئيسي: I.S.Turgbenier
التنسيق: كتاب
اللغة:لغة غير معروفة
منشور في: Edizione Paoline
الوسوم: إضافة وسم
لا توجد وسوم, كن أول من يضع وسما على هذه التسجيلة!

MARC

LEADER 00000nam a2200000Ia 4500
001 R-1839
003 CODICE-MESSINA
005 20260212102523.0
008 260211s9999 xx 000 0 und d
040 |c importazione_messina 
100 |a I.S.Turgbenier 
245 0 |a Le Momorie Di Un Cacciatore 
260 |b Edizione Paoline 
942 |2 ddc  |c BK 
952 |0 0  |1 0  |2 ddc  |4 0  |6 SCAFFALE_19_000000000000000__STANZA_2__ROMANZI  |7 0  |9 32679  |a ME  |b ME  |d 2026-02-11  |l 0  |o SCAFFALE 19 - STANZA 2 - ROMANZI  |p R-1839  |r 2026-02-11 23:53:20  |w 2026-02-11  |x [REVISIONARE]  |y BK 
999 |c 28346  |d 28346